| 000 | 00575nam a2200193Ia 4500 | ||
|---|---|---|---|
| 999 |
_c10989 _d10989 |
||
| 003 | OSt | ||
| 005 | 20191231113337.0 | ||
| 008 | 190216s9999||||xx |||||||||||||| ||und|| | ||
| 020 | _a9788126509188 | ||
| 040 | _coclc | ||
| 082 |
_a650.0151 _bBRA/E |
||
| 100 |
_aBardley, Teresa _9944 |
||
| 245 | 0 |
_aEssential Mathematics For Economics And Business / _cTeresa Bardley ; Paul Patton |
|
| 250 | _a2nd ed. | ||
| 260 |
_bWiley India, _aNew Delhi: _c2006. |
||
| 300 | _a637p | ||
| 650 | _aEconomics | ||
| 942 |
_cBK _2ddc _h650.0151 _iBRA/E _k650.0151 _mBRA/E |
||